Southville International School and Colleges
Your cart is empty.
  • Cart
  • Lists
    Public lists Eva Luna New books Lux_list list_1
    Your lists Log in to create your own lists
  • Log in to your account
  • Your cookies
  • Search history
Southville International School and Colleges
  • Advanced search
  • Recent comments
  • Most popular
  • Libraries

Log in to your account

Log in with GOOGLE


If you do not have an external account, but do have a local account, you can still log in:

  1. Home
  2. MARC view: Nixon and Mao :
Normal view MARC view ISBD view

Nixon and Mao : (Record no. 1966)

[ view plain ]
MARC details
000 -LEADER
fixed length control field 02827cam a2200457 a 4500
001 - CONTROL NUMBER
control field 14484356
003 - CONTROL NUMBER IDENTIFIER
control field OSt
005 - DATE AND TIME OF LATEST TRANSACTION
control field 20140310181720.0
008 - FIXED-LENGTH DATA ELEMENTS--GENERAL INFORMATION
fixed length control field 060807s2007 nyuabf b 001 0deng
010 ## - LIBRARY OF CONGRESS CONTROL NUMBER
LC control number 2006048644
020 ## - INTERNATIONAL STANDARD BOOK NUMBER
International Standard Book Number 9781400061273 (alk. paper)
020 ## - INTERNATIONAL STANDARD BOOK NUMBER
International Standard Book Number 140006127X (alk. paper)
020 ## - INTERNATIONAL STANDARD BOOK NUMBER
International Standard Book Number 9781400061273
035 ## - SYSTEM CONTROL NUMBER
System control number (OCoLC)ocm71210290
040 ## - CATALOGING SOURCE
Original cataloging agency DLC
Transcribing agency DLC
Modifying agency BAKER
-- IEF
-- C#P
-- YDXCP
-- BUR
-- OCLCA
-- DLC
043 ## - GEOGRAPHIC AREA CODE
Geographic area code n-us---
-- a-cc---
050 00 - LIBRARY OF CONGRESS CALL NUMBER
Classification number E 183.8
Item number .M167 2007
082 00 - DEWEY DECIMAL CLASSIFICATION NUMBER
Classification number IB 327.730
Item number M22 2007
100 1# - MAIN ENTRY--PERSONAL NAME
Personal name MacMillan, Margaret,
Dates associated with a name 1943-
245 10 - TITLE STATEMENT
Title Nixon and Mao :
Remainder of title the week that changed the world /
Statement of responsibility, etc Margaret MacMillan.
250 ## - EDITION STATEMENT
Edition statement 1st ed.
260 ## - PUBLICATION, DISTRIBUTION, ETC. (IMPRINT)
Place of publication, distribution, etc New York :
Name of publisher, distributor, etc Random House,
Date of publication, distribution, etc c2007.
300 ## - PHYSICAL DESCRIPTION
Extent xxii, 404 p. :
Other physical details ill. ;
Dimensions 24 cm.
504 ## - BIBLIOGRAPHY, ETC. NOTE
Bibliography, etc Includes bibliographical references (p. [375]-386) and index.
520 ## - SUMMARY, ETC.
Summary, etc "This book looks at one of the transformative moments of the twentieth century: In February 1972, Richard Nixon, the first American president ever to visit China, and Mao Tse-tung, the enigmatic Communist dictator, met for an hour in Beijing. Their meeting changed the course of history and ultimately laid the groundwork for today's complex relationship between the countries. That monumental meeting--during what Nixon called "the week that changed the world"--could have been brought about only by powerful leaders: Nixon, a great strategist and a flawed human being, and Mao, willful and ruthless; assisted by two brilliant and complex statesmen, Henry Kissinger and Chou En-lai. And behind them lay the complex history of two great and equally confident civilizations: China, ancient and contemptuous yet fearful of barbarians beyond the Middle Kingdom, and the United States, forward-looking and confident, seeing itself as the beacon for the world.--From publisher description."--From source other than the Library of Congress
562 ## - COPY AND VERSION IDENTIFICATION NOTE
Number of copies 1
600 10 - SUBJECT ADDED ENTRY--PERSONAL NAME
Personal name Nixon, Richard M.
Fuller form of name (Richard Milhous),
Dates associated with a name 1913-1994.
600 10 - SUBJECT ADDED ENTRY--PERSONAL NAME
Personal name Mao, Zedong,
Dates associated with a name 1893-1976.
650 #0 - SUBJECT ADDED ENTRY--TOPICAL TERM
Topical term or geographic name as entry element Visits of state
Geographic subdivision China.
651 #0 - SUBJECT ADDED ENTRY--GEOGRAPHIC NAME
Geographic name United States
General subdivision Foreign relations
Geographic subdivision China.
651 #0 - SUBJECT ADDED ENTRY--GEOGRAPHIC NAME
Geographic name China
General subdivision Foreign relations
Geographic subdivision United States.
651 #0 - SUBJECT ADDED ENTRY--GEOGRAPHIC NAME
Geographic name United States
General subdivision Foreign relations
Chronological subdivision 1969-1974.
651 #0 - SUBJECT ADDED ENTRY--GEOGRAPHIC NAME
Geographic name China
General subdivision Foreign relations
Chronological subdivision 1949-1976.
856 42 - ELECTRONIC LOCATION AND ACCESS
Materials specified Publisher description
Uniform Resource Identifier <a href="http://www.loc.gov/catdir/enhancements/fy0703/2006048644-d.html">http://www.loc.gov/catdir/enhancements/fy0703/2006048644-d.html</a>
856 42 - ELECTRONIC LOCATION AND ACCESS
Materials specified Contributor biographical information
Uniform Resource Identifier <a href="http://www.loc.gov/catdir/enhancements/fy0707/2006048644-b.html">http://www.loc.gov/catdir/enhancements/fy0707/2006048644-b.html</a>
856 41 - ELECTRONIC LOCATION AND ACCESS
Materials specified Sample text
Uniform Resource Identifier <a href="http://www.loc.gov/catdir/enhancements/fy0707/2006048644-s.html">http://www.loc.gov/catdir/enhancements/fy0707/2006048644-s.html</a>
906 ## - LOCAL DATA ELEMENT F, LDF (RLIN)
a 7
b cbc
c orignew
d 1
e ocip
f 20
g y-gencatlg
942 ## - ADDED ENTRY ELEMENTS (KOHA)
Source of classification or shelving scheme Library of Congress Classification
Koha item type Books
Holdings
Withdrawn status Lost status Source of classification or shelving scheme Damaged status Home library Current library Shelving location Date acquired Total Checkouts Full call number Barcode Date last seen Copy number Price effective from Koha item type
    Library of Congress Classification   Luxembourg Library Luxembourg Library International Baccalaureate Section 06/20/2013   E 183.8 .M167 2007 15454 07/31/2017 1 10/03/2013 Books

Nixon and Mao :

APA

MacMillan M., . (2007). Nixon and Mao. New York: Random House.

Chicago

MacMillan Margaret, . 2007. Nixon and Mao. New York: Random House.

Harvard

MacMillan M., . (2007). Nixon and Mao. New York: Random House.

MLA

MacMillan Margaret, . Nixon and Mao. New York: Random House. 2007.

  • Place hold
  • Print
  • Cite
  • Add to your cart (remove)
  • Save record
    BIBTEX Dublin Core MARCXML MARC (non-Unicode/MARC-8) MARC (Unicode/UTF-8) MARC (Unicode/UTF-8, Standard) MODS (XML) RIS
  • More searches
    Search for this title in:
    Other Libraries (WorldCat) Other Databases (Google Scholar) Online Stores (Bookfinder.com) Open Library (openlibrary.org)

Exporting to Dublin Core...

SOUTHVILLE LIBRARY

Southville International School and Colleges Library

1281 Tropical Ave. Cor. Luxembourg St., BF Homes International, Las Pinas City

Tel. No. 8256374 / 252358 Loc. 117/146

Powered by Koha